[Event "CAN-ch U12"]
[Site "Victoria"]
[Date "2009.07.24"]
[Round "7"]
[White "Jensen, Jacob"]
[Black "Violette, Sebastien"]
[Result "1-0"]
[WhiteElo "1635"]
[BlackElo "1150"]
[PlyCount "89"]
[EventDate "2009.07.21"]
[EventType "swiss"]
[EventRounds "7"]
[EventCountry "CAN"]
[SourceTitle "EXT 2011"]
[Source "ChessBase"]
[SourceDate "2010.11.26"]
[SourceVersion "1"]
[SourceVersionDate "2010.11.26"]
[SourceQuality "1"]

1. c4 e5 2. Nc3 Nf6 3. g3 d5 4. cxd5 Nxd5 5. Bg2 Be6 6. Nf3 Nc6 7. 0-0 Bc5 8. a3 a5 9. Qc2 0-0 10. d3 Nd4 11. Nxd4 exd4 12. Nxd5 Bxd5 13. Qxc5 Bxg2 14. Kxg2 b6 15. Qg5 f6 16. Qg4 Qd5+ 17. Qf3 Qxf3+ 18. Kxf3 Rae8 19. e3 dxe3 20. Bxe3 g5 21. Rfe1 h5 22. Rad1 g4+ 23. Kg2 Kf7 24. Bf4 Rc8 25. Re3 c6 26. Rde1 Kg6 27. h3 f5 28. h4 b5 29. Bg5 Rf7 30. Re6+ Kg7 31. Rd6 Rcc7 32. Ree6 Kg8 33. Rg6+ Kh7 34. Rh6+ Kg8 35. Bf6 Rh7 36. Rd8+ Kf7 37. Rxh7+ Kxf6 38. Rxc7 Ke5 39. Re7+ Kf6 40. Rde8 c5 41. Re6+ Kf7 42. R8e7+ Kf8 43. Ra7 a4 44. Rb6 Ke8 45. Rb8# 1-0

[Event "CAN-ch U12"]
[Site "Victoria"]
[Date "2009.07.23"]
[Round "6"]
[White "Violette, Sebastien"]
[Black "McCullough, David"]
[Result "0-1"]
[WhiteElo "1150"]
[BlackElo "1293"]
[PlyCount "113"]
[EventDate "2009.07.21"]
[EventType "swiss"]
[EventRounds "7"]
[EventCountry "CAN"]
[SourceTitle "EXT 2011"]
[Source "ChessBase"]
[SourceDate "2010.11.26"]
[SourceVersion "1"]
[SourceVersionDate "2010.11.26"]
[SourceQuality "1"]

1. e4 e6 2. d4 d5 3. Nc3 c5 4. Be3 dxe4 5. dxc5 Qxd1+ 6. Rxd1 Nf6 7. Bb5+ Bd7 8. Bxd7+ Nbxd7 9. f3 exf3 10. Nxf3 Bxc5 11. Bxc5 Nxc5 12. Nb5 0-0 13. 0-0 a6 14. Nc3 b5 15. b4 Nce4 16. Nxe4 Nxe4 17. a3 a5 18. Rd4 f5 19. Ne5 a4 20. Rfd1 Rac8 21. c4 bxc4 22. Nxc4 g5 23. b5 Nc3 24. Nd6 Ne2+ 25. Kf2 Nxd4 26. Nxc8 Nxb5 27. Nb6 Nxa3 28. Nxa4 Rc8 29. Kf1 Nc2 30. Rd2 Ra8 31. Rxc2 Rxa4 32. Rc8+ Kg7 33. Rc7+ Kg6 34. Rc6 Kf6 35. Rc7 h5 36. Rh7 h4 37. Rh6+ Ke5 38. Rh5 Kf4 39. Kf2 Ra2+ 40. Kf1 Ke3 41. g3 Kf3 42. Ke1 Rxh2 43. gxh4 gxh4 44. Rh6 e5 45. Ra6 e4 46. Ra3+ Kf4 47. Kf1 e3 48. Ra4+ Kf3 49. Kg1 Kg3 50. Ra3 f4 51. Rb3 Rf2 52. Rc3 h3 53. Rc1 e2 54. Rc3+ f3 55. Rc1 h2+ 56. Kh1 Rf1+ 57. Rxf1 0-1

[Event "CAN-ch U12"]
[Site "Victoria"]
[Date "2009.07.22"]
[Round "3"]
[White "Herdin, Matthew"]
[Black "Violette, Sebastien"]
[Result "1-0"]
[WhiteElo "1480"]
[BlackElo "1150"]
[PlyCount "63"]
[EventDate "2009.07.21"]
[EventType "swiss"]
[EventRounds "7"]
[EventCountry "CAN"]
[SourceTitle "EXT 2011"]
[Source "ChessBase"]
[SourceDate "2010.11.26"]
[SourceVersion "1"]
[SourceVersionDate "2010.11.26"]
[SourceQuality "1"]

1. d4 Nf6 2. e3 g6 3. Nf3 Bg7 4. Bd3 d5 5. h3 Nc6 6. 0-0 Nb4 7. Be2 Bf5 8. Na3 Ne4 9. c3 Nc6 10. Nd2 Nxd2 11. Qxd2 e5 12. b3 Qg5 13. f4 exf4 14. exf4 Qh4 15. Qe3+ Be4 16. Bf3 f5 17. Bxe4 fxe4 18. Bb2 0-0-0 19. Rf2 Bh6 20. g3 Qxh3 21. Rh2 Bxf4 22. Qxf4 Qf5 23. Qxf5+ gxf5 24. c4 h5 25. Rf1 Ne7 26. Nb5 Kb8 27. Ba3 Rde8 28. Bxe7 Rxe7 29. Rxf5 c6 30. Rhxh5 Rxh5 31. Rf8+ Re8 32. Rxe8# 1-0

[Event "CAN-ch U12"]
[Site "Quebec"]
[Date "2008.07.15"]
[Round "3"]
[White "Tetreault Labarge, Pierre"]
[Black "Violette, Sebastien"]
[Result "1-0"]
[WhiteElo "992"]
[BlackElo "1090"]
[PlyCount "45"]
[EventDate "2008.07.14"]
[EventType "swiss"]
[EventRounds "7"]
[EventCountry "CAN"]
[SourceTitle "EXT 2011"]
[Source "ChessBase"]
[SourceDate "2010.11.26"]
[SourceVersion "1"]
[SourceVersionDate "2010.11.26"]
[SourceQuality "1"]

1. e4 e5 2. Nf3 Nc6 3. Bb5 Nf6 4. 0-0 Bc5 5. b4 Nxb4 6. Ba3 Nxe4 7. Nxe5 Qf6 8. Bb2 Bxf2+ 9. Rxf2 Qxf2+ 10. Kh1 c6 11. Ba4 0-0 12. Ba3 Re8 13. Bxb4 Rxe5 14. Nc3 Nxc3 15. Bxc3 Re1+ 16. Qxe1 Qxe1+ 17. Rxe1 h6 18. Re8+ Kh7 19. Bd4 b5 20. Bb3 a5 21. c4 a4 22. Bc2+ g6 23. Rh8# 1-0